Дело по прошению содержательницы частного еврейского женского пансиона Рабинович об ассигновании ей ежегодного пособия в 600 руб...

Доступно только в Электронных читальных залах Найти на картеНа карте
RUSMARC
00003591nmc2a2200000 x 450
00110215370-514a-48e4-8a2c-6e3597181d5a
00520160706175938.0
100##$a20150814l18621863k l0rusy0189 ca
1010#$arus
102##$aRU
2001#$aДело по прошению содержательницы частного еврейского женского пансиона Рабинович об ассигновании ей ежегодного пособия в 600 рублей серебром
$j26 июня 1862 г. - 4 мая 1863 г.
251##$cДело
300##$aДело
801#0$aRU
$bРГИА
$c20150814
$gRCR
801#1$aRU
$bГлавНИВЦ
$c20150814
$2rusmarc
801#2$aRU
$bПБ им. Б.Н. Ельцина
$c20160706
$gRCR
$2rusmarc
850##$aРГИА
852##$aРГИА
$eФедеральное казенное учреждение "Российский государственный исторический архив" (РГИА)
$j743
937##$hРГИА
$d12090884
$aASBIBLIO_SCAN
462#0$10012b27dfda-2c9d-44cf-86d6-db2e6106e749
$12001
$aДела по еврейским казенным училищам за 1856-1862 гг.
$1251
$cОпись
$1852
$j98
461#0$1001a74412a3-3cc5-4d21-8f0a-dfe2fbd9e72d
$12001
$aДепартамент народного просвещения Министерства народного просвещения (1803-1917)
$1251
$cФонд
$1852
$j733
215##$a17 л.
$d36,5x26 см
371##$aДокумент не является опубликованным и широко распространяемым
105##$aу###
1222#$ad
035##$a10215370-514a-48e4-8a2c-6e3597181d5a
Формат отображения